| 000 | 00368nam a2200157Ia 4500 | ||
|---|---|---|---|
| 003 | 0STCL | ||
| 008 | 150530s9999 xx 000 0 und d | ||
| 040 |
_aSTCL _cSTCL |
||
| 100 | _aUrsula Hicks, K. | ||
| 245 | _aDevelopment from below | ||
| 260 |
_bOxford Clarendon press _c1961 |
||
| 546 | _aEnglish | ||
| 942 |
_2ddc _cBK |
||
| 999 |
_c12061 _d12061 |
||
| 005 | 20220125165618.0 | ||